|
|
|
|
| LEADER |
00000nab a2200000 a 4500 |
| 001 |
vtls000324561 |
| 003 |
SK-MaSNL |
| 005 |
20260303234618.0 |
| 008 |
160215c1988 xo 0 slo |
| 015 |
|
|
|a SNBRB19rr/mm-uuuuu
|
| 035 |
|
|
|a CL0324683
|
| 040 |
|
|
|a SNKBUCL
|b slo
|c SNKBUCL
|e AACR2
|
| 041 |
0 |
|
|a slo
|
| 044 |
|
|
|a xo
|c SK
|
| 080 |
|
|
|a 76.071.1
|2 1981
|
| 080 |
|
|
|a 75.071.1
|2 1981
|
| 080 |
|
|
|a 929 Brož, Robert
|2 1981
|
| 100 |
1 |
|
|a Brož, Robert,
|d 1939-2011
|4 aut
|9 157183
|
| 245 |
1 |
0 |
|a Tvár knihy
|b Návšteva v ateliéri
|c Robert Brož, Pavol M. Kubiš
|
| 600 |
1 |
7 |
|a Brož, Robert,
|d 1939-2011
|2 snkbucl
|9 157183
|
| 655 |
|
7 |
|a články z novín a časopisov
|2 snkbucl
|9 267496
|
| 700 |
1 |
|
|a Kubiš, Pavol M.,
|d 1946-2016
|4 aut
|9 219205
|
| 773 |
0 |
|
|t Smer
|g Roč. 40, č. 112 (14. 5. 1988), s. 12
|
| 850 |
|
|
|a Slovenská národná knižnica v Martine
|a MTA001
|
| 852 |
|
|
|a SNK
|b KIS3GCP
|
| 958 |
|
|
|a BX
|
| 958 |
|
|
|a RK
|
| 992 |
|
|
|a RBX
|
| 999 |
|
|
|c 2521679
|d 2523609
|